Eastern Utah Libraries Catalog: Duchesne, Heber, Roosevelt, & Vernal

Utah plants: Tracheophyta (Record no. 254589)

MARC details
000 -LEADER
fixed length control field 01150pam a22003251i 4500
001 - CONTROL NUMBER
control field 73078085
005 - DATE AND TIME OF LATEST TRANSACTION
control field 20200320175153.0
008 - FIXED-LENGTH DATA ELEMENTS--GENERAL INFORMATION
fixed length control field 730716s1973 utua b 00110 eng
010 ## - LIBRARY OF CONGRESS CONTROL NUMBER
LC control number 73078085
020 ## - INTERNATIONAL STANDARD BOOK NUMBER
International Standard Book Number 0842502386
020 ## - INTERNATIONAL STANDARD BOOK NUMBER
International Standard Book Number 0842502378 (pbk.)
035 ## - SYSTEM CONTROL NUMBER
System control number ()8420
043 ## - GEOGRAPHIC AREA CODE
Geographic area code n-us-ut
050 0# - LIBRARY OF CONGRESS CALL NUMBER
Classification number QK189
Item number .W4 1973
082 ## - DEWEY DECIMAL CLASSIFICATION NUMBER
Classification number 582/.09/792
100 1# - MAIN ENTRY--PERSONAL NAME
Personal name Welsh, Stanley L.
9 (RLIN) 1505
245 10 - TITLE STATEMENT
Title Utah plants: Tracheophyta
Statement of responsibility, etc [by] Stanley L. Welsh [and] Glen Moore.
250 ## - EDITION STATEMENT
Edition statement 3d ed. [new, rev. and enl.].
260 ## - PUBLICATION, DISTRIBUTION, ETC. (IMPRINT)
Place of publication, distribution, etc Provo, Utah,
Name of publisher, distributor, etc Brigham Young University Press,
Date of publication, distribution, etc 1973.
300 ## - PHYSICAL DESCRIPTION
Extent iv, 474 p.
Other physical details illus.
Dimensions 23 cm.
500 ## - GENERAL NOTE
General note Second ed. published in 1965 under title: Common Utah plants.
504 ## - BIBLIOGRAPHY, ETC. NOTE
Bibliography, etc Bibliography: p. 435-436.
650 #0 - SUBJECT ADDED ENTRY--TOPICAL TERM
Topical term or geographic name as entry element Botany
Geographic subdivision Utah.
9 (RLIN) 5817214
650 #0 - SUBJECT ADDED ENTRY--TOPICAL TERM
Topical term or geographic name as entry element Plants
General subdivision Identification.
9 (RLIN) 5752126
700 1# - ADDED ENTRY--PERSONAL NAME
Personal name Moore, Glen,
Dates associated with a name 1917-
Relator term joint author.
9 (RLIN) 5817215
942 ## - ADDED ENTRY ELEMENTS (KOHA)
Koha item type BOOK
948 ## - LOCAL PROCESSING INFORMATION (OCLC); SERIES PART DESIGNATOR (RLIN)
Series part designator, SPT (RLIN) 05/11/2004
z (OCLC) Sirsi
949 10 - LOCAL PROCESSING INFORMATION (OCLC)
b 34301000020950
c NF
d 582.09 WEL
e c.1
p 876
m WCL
n WCL
t BK
996 ## -
-- 8420
-- 34301000020950
-- NF
-- BK
-- WCL
-- i
-- 15
-- 8.76
-- 582.09 Wel
-- 03/18/1999
-- 09/17/2018
-- 08/06/2018
Holdings
Withdrawn status Lost status Source of classification or shelving scheme Damaged status Not for loan Collection code Home library Current library Shelving location Date acquired Cost, normal purchase price Total Checkouts Total Renewals Full call number Barcode Date last seen Date checked out Cost, replacement price Price effective from Koha item type
    Dewey Decimal Classification     General NonFiction Wasatch County Library Wasatch County Library Second Floor 03/18/1999 8.76 18 3 582.09 Wel 34301000020950 03/03/2026 06/29/2023 8.76 03/20/2020 BOOK
This project was made possible through a grant from the Institute of Museum and Library Service administered by the Utah State Library Division.

Wasatch County Library

  • 465 East 1200 South, Heber City, Utah 84032
  • Phone 435-654-1511 | Fax 435-654-6456

Hours

  • Monday - Friday 9:30 AM - 8:00 PM
  • Saturday 9:30 AM - 1:30 PM
  • Closed Sundays and Holidays